|
|
|
|
| LEADER |
00000nab a2200000 a 4500 |
| 001 |
vtls001504282 |
| 003 |
SK-MaSNL |
| 005 |
20260303075949.0 |
| 008 |
050227s1997 xo 000 0 ger |
| 035 |
|
|
|a SPKCL6609
|
| 040 |
|
|
|a SPKCL
|b slo
|c SNKBUCL
|d ÚIP-SPK(LO)
|e AACR2
|
| 041 |
|
|
|a ger
|
| 044 |
|
|
|a xo
|c SK
|
| 080 |
|
|
|a 364:364.442.2
|2 1981
|
| 100 |
1 |
|
|a Otto, Hans-Uwe
|4 aut
|9 1080373
|
| 245 |
1 |
0 |
|a Arm - um zu dienen und zu zu helfen
|c Hans-Uwe Otto
|
| 520 |
|
|
|a Sen "komisie budúcnosti". Roztrieštená spoločnosť. Sociálna práca.
|
| 773 |
1 |
|
|t Neue Praxis
|g Roč. 27, č. 5 (1997) s. 551-554
|
| 850 |
|
|
|a Slovenská pedagogická knižnica Bratislava
|
| 852 |
|
|
|a SPKCL
|b KIS3GCP
|b 000710000
|n SK
|
| 999 |
|
|
|c 1778285
|d 1780215
|